| 000 | 00573cam a22002291 4500 | ||
|---|---|---|---|
| 001 | sa 65008604 | ||
| 003 | DLC | ||
| 005 | 20260227112156.0 | ||
| 008 | 891120s1965 ii 100 0 gujo | ||
| 010 | _asa 65008604 | ||
| 035 | _a(OCoLC)20678602 | ||
| 040 |
_aDLC _cWaU _dDLC |
||
| 042 | _apremarc | ||
| 050 | 0 | 0 |
_aPK1859.B76 _bA64 |
| 100 | 1 |
_aBrokara, Gulābadāsa, _d1909-2006. |
|
| 245 | 1 | 0 | _aAbhivyakti. |
| 260 | _c[1965] | ||
| 300 |
_a376 p. _c19 cm. |
||
| 500 | _aIn Gujarati. | ||
| 650 | 0 | _aGujarati literature. | |
| 650 | 0 |
_aGujarati literature _vCongresses. |
|
| 999 |
_c65726 _d65726 |
||